Text, image and song in transdisciplinary dialogue (Record no. 142188)

MARC details
000 -LEADER
fixed length control field 00990nam a2200289Ia 4500
003 - CONTROL NUMBER IDENTIFIER
control field OSt
005 - DATE AND TIME OF LATEST TRANSACTION
control field 20220918172008.0
008 - FIXED-LENGTH DATA ELEMENTS--GENERAL INFORMATION
fixed length control field 220917b |||||||| |||| 00| 0 eng d
020 ## - INTERNATIONAL STANDARD BOOK NUMBER
International Standard Book Number 9789004155497 (hbk)
037 ## - SOURCE OF ACQUISITION
Terms of availability Textual
040 ## - CATALOGING SOURCE
Original cataloging agency ARTS
Transcribing agency ARTS
Language of cataloging eng
041 ## - LANGUAGE CODE
Source of code eng
Language code of text/sound track or separate title eng
100 ## - MAIN ENTRY--PERSONAL NAME
Personal name Klimburg-Salter Deborah Ed.
9 (RLIN) 39729
245 #0 - TITLE STATEMENT
Title Text, image and song in transdisciplinary dialogue
260 ## - PUBLICATION, DISTRIBUTION, ETC.
Place of publication, distribution, etc. Leiden
Name of publisher, distributor, etc. Brill
Date of publication, distribution, etc. 2006
300 ## - PHYSICAL DESCRIPTION
Extent viii,247p.
Dimensions cm.
490 ## - SERIES STATEMENT
Series statement Brill's tibetan studies library; 10/7
650 ## - SUBJECT ADDED ENTRY--TOPICAL TERM
Topical term or geographic name entry element SOCIOLOGY; CULTURE
700 ## - ADDED ENTRY--PERSONAL NAME
Personal name Jahoda Christian Ed.
9 (RLIN) 39730
700 ## - ADDED ENTRY--PERSONAL NAME
Personal name Tropper Kurt Ed.
9 (RLIN) 39731
942 ## - ADDED ENTRY ELEMENTS (KOHA)
Classification part Y:1.498, P7
Koha item type Textual
Source of classification or shelving scheme Colon Classification (CC)
Holdings
Withdrawn status Lost status Damaged status Not for loan Home library Current library Date acquired Source of acquisition Cost, normal purchase price Total Checkouts Full call number Barcode Date last seen Cost, replacement price Price effective from Koha item type
        Arts Library Arts Library 2022-09-18 24633, 01/01/2008, Segment Book Distributors 5149.54   Y:1.498 P7 AL1336351 2022-09-18 5149.54 2022-09-18 Textual
Copyright @ Delhi University Library System